| 000 | 00940nam a2200217Ia 4500 | ||
|---|---|---|---|
| 001 | 12367 | ||
| 003 | GE_BSU | ||
| 008 | 181216s||||||||xx |||||||||||||| ||und|| | ||
| 040 | _cGE_BSU | ||
| 080 | _a577 | ||
| 245 | _aВитамины. Труды. | ||
| 245 | _bТруды выездной сессии секции легкой и пищевой промышленности технико-экономического совета Башкирского совнархоза | ||
| 260 | _aУфа | ||
| 260 | _bБашкирское книжное изд-во | ||
| 260 | _c1959 | ||
| 300 | _a111стр.27см. | ||
| 653 | _aВитамины. Труды выездной сессии секции легкой и пищевой промышленности технико-экономического совета Башкирского совнархоза | ||
| 653 | _aТруды | ||
| 653 | _aშრომები | ||
| 942 | _cBK | ||
| 999 |
_c45542 _d45542 |
||